Vida familiar y cultura contemporánea /
En este documento señala la importancia de los estudios sobre la familia, ya que en esta se cumplen las obligaciones y derechos que permiten a los grupos familiares su reproducción. Las funciones familiares están permeadas por el contexto al que pertenezcan. La información sobre la familia y los cam...
Guardat en:
| Autor principal: | |
|---|---|
| Altres autors: | |
| Format: | Text |
| Publicat: |
México D.F.:
Consejo Nacional de Cultura. Dirección General de Publicaciones. Dirección General de Culturas Populares
|
| Matèries: | |
| Etiquetes: |
Afegir etiqueta
Sense etiquetes, Sigues el primer a etiquetar aquest registre!
|
MARC
| LEADER | 00000 a a2200000 04500 | ||
|---|---|---|---|
| 001 | 21975 | ||
| 003 | |||
| 040 | |||
| 090 | |a 146409 | ||
| 100 | |a Valenzuela Arce, José Manuel | ||
| 245 | |a Vida familiar y cultura contemporánea / |c José Manuel Valenzuela Arce | ||
| 260 | |a México D.F.: |b Consejo Nacional de Cultura. Dirección General de Publicaciones. Dirección General de Culturas Populares | ||
| 300 | |a 409 p. |b **no definido** |b fonodiscos | ||
| 520 | |a En este documento señala la importancia de los estudios sobre la familia, ya que en esta se cumplen las obligaciones y derechos que permiten a los grupos familiares su reproducción. Las funciones familiares están permeadas por el contexto al que pertenezcan. La información sobre la familia y los cambios que ésta ha tenido en los últimos años se basan en la información recopilada por un censo realizado en México en 1990, del cual se desprenden varias observaciones: composición, estructura y tamaño de los hogares, cambios en la composición de los hogares y su dinámica demográfica, los hogares nucleares y complejos de 1990, los hogares dirigidos por mujeres y el estado civil de las jefas de hogar entre otros. El apéndice de este artículo presenta cuadros y gráficos con datos estadísticos./MSD | ||
| 650 | |a FAMILIA | ||
| 650 | |a PARENTESCO | ||
| 650 | |a INFORMACION SOBRE POBLACION | ||
| 650 | |a ESTADISTICAS SOCIALES | ||
| 650 | |a POBLACION | ||
| 650 | |a PARENTESCO | ||
| 650 | |a COMPOSICION FAMILIAR | ||
| 650 | |a ENCUESTAS DE HOGARES | ||
| 650 | |a ESTADISTICA | ||
| 650 | |a CUADROS ESTADISTICOS | ||
| 700 | |a coord |a Salles, Vania |a coord | ||
| 999 | |c 4216 |d 4216 | ||
